| 000 | 00417nam a2200145Ia 4500 | ||
|---|---|---|---|
| 008 | 151213s9999 xx 000 0 und d | ||
| 100 | _aAbu Taher Mojumder. | ||
| 245 |
_aSir William Jons a Poetical Study _cAbu Taher Mojumder. |
||
| 260 |
_aDhaka _bThe Modern Printing _c1978 |
||
| 300 | _a8878 p. | ||
| 650 | _aEnglish Literature | ||
| 650 | _aEnglish Literature | ||
| 700 | _aAbu Taher Mojumder. | ||
| 999 |
_c4663 _d4663 |
||